000 00618nam a22001697a 4500
999 _c18078
_d18078
003 AR-CdUCM
008 190511b ||||| |||| 00| 0 sp d
040 _aMUNICIPALIDAD PROVINCIAL DEL CUSCO
_cBIBLIOTECA MUNICIPAL DEL CUSCO
082 _a338.4791 /
_bC29
100 _aCastillo Yui, Cecilia
_938450
245 _aTurismo, fundamneto y desarrollo /
260 _aLima :
_bArt Lautrec,
_c1987.
300 _a197 páginas ;
_c22 cm.
505 _aAntecedentes históricos del turismo -- Edad contemporánea -- Etapas de la historia del turismo -- Conceptualismo del turismo...
942 _2ddc
_cLIBROS
945 _awfj